Can You Name Every Billy Joel Song? - Statistics

General Stats
  • This quiz has been taken 56 times
  • The average score is 46 of 136
Answer Stats
Album Song Name % Correct
Piano Man Piano Man
93%
The Stranger Vienna
78%
An Innocent Man An Innocent Man
73%
The Stranger The Stranger
70%
Storm Front We Didn't Start the Fire
70%
52nd Street Zanzibar
68%
The Stranger Movin' Out (Anthony's Song)
65%
The Stranger Scenes From an Italian Restaurant
65%
River of Dreams The River of Dreams
65%
An Innocent Man Uptown Girl
65%
52nd Street 52nd Street
63%
Glass Houses It's Still Rock and Roll to Me
63%
The Stranger Only the Good Die Young
63%
Glass Houses You May Be Right
63%
52nd Street Big Shot
60%
The Nylon Curtain Allentown
58%
Piano Man Captain Jack
58%
The Nylon Curtain Goodnight Saigon
58%
The Stranger Just the Way You Are
58%
52nd Street My Life
58%
The Stranger She's Always a Woman
58%
52nd Street Honesty
55%
Cold Spring Harbor She's Got a Way
55%
Turnstiles New York State of Mind
53%
Storm Front Storm Front
53%
The Stranger Everybody Has a Dream
50%
The Stranger Get it Right the First Time
50%
The Nylon Curtain Pressure
50%
Streetlife Serenade The Entertainer
50%
Glass Houses All for Leyna
45%
Cold Spring Harbor Everybody Loves You Now
45%
The Nylon Curtain Laura
45%
Turnstiles Prelude/Angry Young Man
45%
Glass Houses Sleeping with the Television On
45%
52nd Street Stiletto
45%
Piano Man The Ballad of Billy the Kid
45%
None Turn the Lights Back On
45%
Glass Houses Don't Ask Me Why
43%
Storm Front Leningrad
43%
Streetlife Serenade Root Beer Rag
43%
Turnstiles Say Goodbye to Hollywood
43%
Glass Houses Sometimes a Fantasy
43%
Storm Front The Downeaster 'Alexa'
43%
An Innocent Man The Longest Time
43%
Cold Spring Harbor Why Judy Why
43%
Storm Front And So It Goes
40%
The Bridge Baby Grand (Ft. Ray Charles)
40%
Turnstiles Summer, Highland Falls
40%
Cold Spring Harbor Falling of the Rain
38%
River of Dreams Famous Last Words
38%
Turnstiles James
38%
Streetlife Serenade Streetlife Serenader
38%
An Innocent Man Christie Lee
35%
Storm Front I Go to Extremes
35%
River of Dreams Lullabye (Goodnight, My Angel)
35%
52nd Street Rosalinda's Eyes
35%
An Innocent Man Tell Her About It
35%
An Innocent Man This Night
35%
Piano Man Worse Comes to Worst
35%
Piano Man You're My Home
35%
The Bridge A Matter of Trust
33%
The Bridge Big Man on Mulberry Street
33%
Glass Houses C'était Toi (You Were the One)
33%
Glass Houses Close to the Borderline
33%
An Innocent Man Easy Money
33%
An Innocent Man Keeping the Faith
33%
Cold Spring Harbor Nocturne
33%
River of Dreams The Great Wall of China
33%
Streetlife Serenade The Mexican Connection
33%
The Bridge This Is the Time
33%
Piano Man Travelin' Prayer
33%
52nd Street Until the Night
33%
The Nylon Curtain Where's the Orchestra?
33%
Turnstiles All You Wanna Do Is Dance
30%
The Bridge Code of Silence (Ft. Cyndi Lauper)
30%
52nd Street Half a Mile Away
30%
Glass Houses I Don't Want to Be Alone
30%
An Innocent Man Leave a Tender Moment Alone
30%
Streetlife Serenade Los Angelenos
30%
Piano Man Somewhere Along the Line
30%
Streetlife Serenade Souvenir
30%
Piano Man Stop in Nevada
30%
None You're Only Human (Second Wind)
30%
Piano Man Ain't No Crime
28%
The Nylon Curtain Scandinavian Skies
28%
Storm Front Shameless
28%
Storm Front That's Not Her Style
28%
Streetlife Serenade The Last of the Big Time Spenders
28%
Cold Spring Harbor Tomorrow is Today
28%
Storm Front When In Rome
28%
The Nylon Curtain A Room of Our Own
25%
An Innocent Man Careless Talk
25%
Piano Man If I Only Had the Words (To Tell You)
25%
Turnstiles I've Loved These Days
25%
River of Dreams No Man's Land
25%
Streetlife Serenade Roberta
25%
The Nylon Curtain She's Right on Time
25%
The Bridge Temptation
25%
Streetlife Serenade The Great Suburban Showdown
25%
Glass Houses Through the Long Night
25%
River of Dreams All About Soul
23%
Cold Spring Harbor Got to Begin Again
23%
The Bridge Modern Woman
23%
River of Dreams Shades of Grey
23%
River of Dreams Two Thousand Years
23%
Streetlife Serenade Weekend Song
23%
Cold Spring Harbor You Can Make Me Free
23%
River of Dreams A Minor Variation
20%
The Bridge Getting Closer
20%
Storm Front State of Grace
20%
Cold Spring Harbor Turn Around
20%
River of Dreams Blonde Over Blue
18%
The Bridge Running On Ice
18%
Fantasies and Delusions Suite for Piano ("Star Crossed"): Delusion
15%
None Christmas In Fallujah
13%
Fantasies and Delusions Fantasy ("Film Noir")
13%
None The Night Is Still Young
13%
Cold Spring Harbor You Look So Good to Me
13%
The Nylon Curtain Suprises
10%
None To Make You Feel My Love
10%
None All My Life
8%
Turnstiles Miami 2018 (Seen the Lights Go Out on Broadway)
8%
None Why Should I Worry
8%
Fantasies and Delusions Air ("Dublinesque")
5%
Fantasies and Delusions Aria (Grand Canal)
5%
None Hey Girl
5%
Fantasies and Delusions Reverie ("Villa d'Este")
5%
Fantasies and Delusions Soliloquy ("On a Seperation")
5%
Fantasies and Delusions Suite for Piano ("Star Crossed"): Innamorato
5%
Fantasies and Delusions Waltz #1 ("Nunley's Carousel")
5%
Fantasies and Delusions Waltz #2 ("Steinway Hall")
5%
Fantasies and Delusions Waltz #3 ("For Lola")
5%
None All Shook Up
3%
Fantasies and Delusions Invention in C Minor
3%
Fantasies and Delusions Suite for Piano ("Star Crossed"): Sorbetto
3%
None Where Were You (On Our Wedding Day)?
0%
No matching quizzes found
Score Distribution
Percent of People with Each Score
Percentile by Number Answered
Your Score History
You have not taken this quiz